Foundations of basic nursing (Record no. 33892)

MARC details
000 -LEADER
fixed length control field 00417nam a22001697a 4500
005 - DATE AND TIME OF LATEST TRANSACTION
control field 20231013183929.0
008 - FIXED-LENGTH DATA ELEMENTS--GENERAL INFORMATION
fixed length control field 231013b |||||||| |||| 00| 0 eng d
020 ## - INTERNATIONAL STANDARD BOOK NUMBER
ISBN 9781401826963
082 ## - DEWEY DECIMAL CLASSIFICATION NUMBER
Classification number 610.73
Item number WHI-F
100 ## - MAIN ENTRY--AUTHOR
Author Name White,Lois
245 ## - TITLE STATEMENT
Title Foundations of basic nursing
260 ## - PUBLICATION, DISTRIBUTION, ETC.
Place of Publication USA
Name of publisher, distributor, etc. William Brottmiller
Date of publication, distribution, etc. 2005
300 ## - PHYSICAL DESCRIPTION
Pages 830
500 ## - GENERAL NOTE
General note Include Index
650 ## - SUBJECT ADDED ENTRY--TOPICAL TERM
Subject / Department Medical
700 ## - ADDED ENTRY--PERSONAL NAME
Personal name Lois White
952 ## - LOCATION AND ITEM INFORMATION (KOHA)
-- 0
-- 0
Holdings
Lost status Damaged status Collection code Permanent Location Current Location Shelving Location Date acquired Full Call Number Accession No./Barcode Date last seen
    Medical /Allied Heath Science Superior Information Resource Center (SIRC) Superior University- Main Campus Superior Information Resource Center (SIRC) Superior University- Main Campus Medical 10/13/2023 610.73 WHI-F 2005 20704 10/13/2023

Powered by Koha